Vida y muerte de Trotsky (Record no. 64638)
[ view plain ]
| 000 -LEADER | |
|---|---|
| fixed length control field | 00632cam a2200205 4500 |
| 005 - DATE AND TIME OF LATEST TRANSACTION | |
| control field | 20230613133242.0 |
| 008 - FIXED-LENGTH DATA ELEMENTS--GENERAL INFORMATION | |
| fixed length control field | 230605t1971 mx o|||gr||| 00| 0 spa|d |
| 050 04 - LIBRARY OF CONGRESS CALL NUMBER | |
| Classification number | DK254.T6 |
| Item number | S47 1971 |
| 100 1# - MAIN ENTRY--PERSONAL NAME | |
| Personal name | Serge, Victor |
| 240 10 - UNIFORM TITLE | |
| Uniform title | Vie et mort de Trotsky. |
| Language of a work | Español. |
| 245 10 - TITLE STATEMENT | |
| Title | Vida y muerte de Trotsky |
| Statement of responsibility, etc | / Victor Serge ; traducción J. E. Spilimbergo. |
| 250 ## - EDITION STATEMENT | |
| Edition statement | 1a ed. |
| 260 ## - PUBLICATION, DISTRIBUTION, ETC. (IMPRINT) | |
| Place of publication, distribution, etc | México : |
| Name of publisher, distributor, etc | Juan Pablos Editor, |
| Date of publication, distribution, etc | 1971 |
| 300 ## - PHYSICAL DESCRIPTION | |
| Extent | 286 p. : |
| Other physical details | il. ; |
| Dimensions | 1971 |
| 500 ## - GENERAL NOTE | |
| General note | |
| 504 ## - BIBLIOGRAPHY, ETC. NOTE | |
| Bibliography, etc | Incluye bibliografía |
| 600 1# - SUBJECT ADDED ENTRY--PERSONAL NAME | |
| Personal name | Trotskii, Lev, |
| Dates associated with a name | 1879-1940 |
| 700 1# - ADDED ENTRY--PERSONAL NAME | |
| Personal name | Spilimbergo, J. E., |
| Relator term | traductor. |
| 942 ## - ADDED ENTRY ELEMENTS (KOHA) | |
| Source of classification or shelving scheme | Biblioteca del Cogreso de los Estados Unidos |
| Koha item type | Libro |
| Estado de pérdida | Fuente de clasificación | Estado del daño | No para préstamo | Ubicación permanente | Ubicación actual | Apartado o colección | Fecha de adquisición | Fuente de adquisición | Edición | Enumeración de Serie / Cronológica | Dependencia de educación superior (DES) | Área del conocimiento | Clasificación | Código de Barras | Date last seen | Número de copia | Costo por reposición | Tipo de recurso |
|---|---|---|---|---|---|---|---|---|---|---|---|---|---|---|---|---|---|---|
| Biblioteca del Cogreso de los Estados Unidos | Uso interno Biblioteca | Biblioteca de la Facultad de Economía | Biblioteca de la Facultad de Economía | General | 05/06/2023 | Unidad Académica | 1a ed. | Ciencias Económico Administrativas | Educación y Humanidades | DK254.T6 S47 1971 | BFE000002993 | 23/02/2016 | C:1 | 1.00 | Libro |